| 000 | 00532nam a22001577a 4500 | ||
|---|---|---|---|
| 003 | NUST | ||
| 038 | _aNusrat Nadeem | ||
| 082 | _a200 | ||
| 100 |
_aZeb, Khan _9124260 |
||
| 245 |
_aConflict, Governance and Prospects for Peace in Pre-Merger Federally Administered Tribal Areas (FATA) of Pakistan/ _cKhan Zeb |
||
| 264 |
_aIslamabad; _bCIPS NUST; _c2022. |
||
| 300 |
_a254,p; _bill; _c30,cm. |
||
| 700 |
_aSupervisor: Dr. Bakare Najimdeen _9124261 |
||
| 856 | _uhttp://10.250.8.41:8080/xmlui/handle/123456789/31600 | ||
| 942 |
_2ddc _cSC |
||
| 999 |
_c610167 _d610167 |
||